000 00492nam a2200181Ia 4500
001 13156
005 20260306163033.0
008 260306t2004||||xx |||||||||||||| ||spa||
041 _aESP
082 _a001
_bB13
100 _aBachelard, Gastón
_eAUT
245 0 _aLa formación del espíritu científico:
_bcontribución a un psicoanálisis del conocimiento objetivo
260 _c2004
300 _a302 páginas :
_ccm.
650 _aGEN
654 _aCHU
942 _cLIB
_dJUS
_fJUS
_2ddc
_n
999 _c13156
_d13156